Stratégie zodpovednosti ako klúčový aspekt úspechu podnikania v čase krízy

Identifikácia nových možností prístupu k podnikateľským stratégiám vychádzajúcich z princípov zodpovednosti a reagujúcich na súčasné zmeny svetového hospodárskeho prostredia s ohľadom na vznik a udržanie konkurenčných výhod.

Guardado en:
Detalles Bibliográficos
Autor principal: Škorvagová, Simona
Formato: Capítulo de libro
Lenguaje:eslovaco
Materias:
Etiquetas: Agregar Etiqueta
Sin Etiquetas, Sea el primero en etiquetar este registro!

MARC

LEADER 00000nla a2200000 4500
001 0160021
005 20240502072757.8
041 0 |a slo 
044 |a SK 
245 1 0 |a Stratégie zodpovednosti ako klúčový aspekt úspechu podnikania v čase krízy  |c Simona Škorvagová 
520 |a Identifikácia nových možností prístupu k podnikateľským stratégiám vychádzajúcich z princípov zodpovednosti a reagujúcich na súčasné zmeny svetového hospodárskeho prostredia s ohľadom na vznik a udržanie konkurenčných výhod. 
610 2 0 |a obchod medzinárodný 
610 2 0 |a politika obchodná 
610 2 0 |a podnikanie zodpovedné 
610 2 0 |a konkurencia trhová 
610 2 0 |a spotreba 
610 2 0 |a zodpovednosť spoločenská 
100 1 |a Škorvagová, Simona